La escuela es puro cuento (y también un poco de teatro) /
No a todos les va bien en la escuela, no todos son terriblemente tímidos, no a todos les gusta el fútbol ni todos saben mandar e-mails, casi nadie tiene una hermana melliza y menos que menos todos los de cuarto se enamoran de una de sexto...En este libro encontrarás cinco cuentos y una obra de teatr...
Guardado en:
| Autor Principal: | |
|---|---|
| Otros Autores: | |
| Formato: | Libro |
| Publicado: |
Buenos Aires :
Norma,
2010.
|
| Series: | Torre de Papel. Azul +9 años
|
| Materias: | |
| Etiquetas: |
Agregar Etiqueta
Sin Etiquetas, Sea el primero en etiquetar este registro!
|
| LEADER | 01172nam a22002415a 4500 | ||
|---|---|---|---|
| 001 | CEM.cems019944 | ||
| 008 | 230328s2010####ag############000#0#####d | ||
| 005 | 20230410090516.0 | ||
| 245 | 1 | 0 | |a La escuela es puro cuento (y también un poco de teatro) / |c María Inés Falconi; ilustrado por Perica. |
| 260 | |a Buenos Aires : |b Norma, |c 2010. | ||
| 300 | |a 64 p. | ||
| 490 | 0 | |a Torre de Papel. Azul +9 años | |
| 520 | |a No a todos les va bien en la escuela, no todos son terriblemente tímidos, no a todos les gusta el fútbol ni todos saben mandar e-mails, casi nadie tiene una hermana melliza y menos que menos todos los de cuarto se enamoran de una de sexto...En este libro encontrarás cinco cuentos y una obra de teatro con algunas cosas que no le pasan a cualquiera, pero como están contadas con mucho humor, ¡les van a encantar a todos! | ||
| 020 | |a 9789875455788 | ||
| 100 | 1 | |a Falconi, María Inés. | |
| 700 | 1 | |a Perica; il. | |
| 082 | 0 | 4 | |a A863.4 |
| 653 | |a Literatura | ||
| 653 | |a Literatura Argentina | ||
| 653 | |a Cuentos | ||
| 653 | |a Obras de teatro | ||
| 653 | |a Literatura Infantil | ||
| 859 | |a CEMS |b BIB. CEMS - Inicial y Primaria |h A868.4 |i F183-1 |k IP |p 6608 |t Ej.1 | ||
